コンテンツを見る
Inicio
Centros participantes
Catálogo
Servicios
Contacto
ログイン
English
Deutsch
Español
Français
Italiano
日本語
Nederlands
Português
Português (Brasil)
中文(简体)
中文(繁體)
Türkçe
עברית
Gaeilge
Cymraeg
Ελληνικά
Català
Euskara
Русский
Čeština
Suomi
Svenska
polski
Dansk
slovenščina
اللغة العربية
বাংলা
Galego
Tiếng Việt
Hrvatski
हिंदी
Հայերէն
Українська
Sámegiella
言語
全フィールド
タイトル
著者
主題
請求記号
ISBN/ISSN
タグ
検索
詳細検索
Síntesis estadística de Améric...
この資料を引用
この資料をメール
印刷
エクスポート
エクスポート先: RefWorks
エクスポート先: EndNoteWeb
エクスポート先: EndNote
お気に入りに追加
パーマネントリンク
最初の評価を行う
Síntesis estadística de América Latina 1960 - 1980
保存先:
書誌詳細
団体著者:
CEPAL
フォーマット:
テキスト
出版事項:
San José:
CEPAL
タグ:
タグ追加
タグなし, このレコードへの初めてのタグを付けませんか!
所蔵
その他の書誌記述
コメント
類似資料
MARC表示
MARC
LEADER
00000 a a2200000 04500
001
22997
003
040
090
|a
157800
110
|a
CEPAL
245
|a
Síntesis estadística de América Latina 1960 - 1980
260
|a
San José:
|b
CEPAL
300
|a
s. p
|b
fonodiscos
|b
map.
999
|c
13850
|d
13850
類似資料
Documento secreto de la política Reagan para América Latina
著者:: Reagan, Ronald
Notas para el Estudio económico de América Latina 1983: México
Convenios centroamericanos de integración económica IV
Crecimiento de las luchas campesinas en Guatemala
著者:: Castro Torres, Carlos Felipe
El Movimiento indígena
著者:: Falla, Ricardo